00483nam a22001697a 450000500170000001000140001702000250003102000220005603500130007803700130009108200080010424500760011226000370018827000600022530000250028570000030031020100809111224.0 aENG-98968 c75.00a9788126027903 c75.00a8126027908 aEN-82500 bDBAD/PUB a881 aEkkundi's poetry :ctranslated by Laxminarayana Bhat P.ba reflection / aNew DelhibSahitya Akademic2010 aRabindra Bhavan, 35, Ferozeshah RoadbNew Delhie110001 a79 p. c21 cm. (Pbk)